| 000 | 00505nam a2200181Ia 4500 | ||
|---|---|---|---|
| 005 | 20250326123547.0 | ||
| 008 | 250326s9999 xx 000 0 und d | ||
| 037 | _aTextbook | ||
| 040 |
_aFMSL _beng _cFMSL |
||
| 041 |
_aeng _2eng |
||
| 084 |
_aB3 L3 _qFMSL |
||
| 100 |
_aGerald J M Fitz _9735470 |
||
| 245 | 0 |
_aFundamentals of systems analysis _cGerald J M Fitz; Gerald A F Fitz |
|
| 260 |
_aNY _bNY, John Wiley _c1973 |
||
| 300 | _a531p | ||
| 942 |
_cTB _hB3 L3 |
||
| 999 |
_c1269920 _d1269920 |
||